000 00369nam a2200145Ia 4500
008 231129s2000||||xx |||||||||||||| ||spa||
020 _a958-02-1435-2
040 _bspa
082 _a900.7 G166s
100 _aGallego Garcia German
245 0 _aOlimpiadas Sociales
260 _c2000
264 _aVoluntad
942 _2ddc
_cBKS
999 _c22087
_d22087